Social Science-9 (Record no. 12786)

MARC details
000 -LEADER
fixed length control field 00237nam a22000977a 4500
008 - FIXED-LENGTH DATA ELEMENTS--GENERAL INFORMATION
fixed length control field 250718b |||||||| |||| 00| 0 eng d
020 ## - INTERNATIONAL STANDARD BOOK NUMBER
International Standard Book Number 9789359589978
100 ## - MAIN ENTRY--PERSONAL NAME
Personal name Oswaal
9 (RLIN) 7599
245 ## - TITLE STATEMENT
Title Social Science-9
260 ## - PUBLICATION, DISTRIBUTION, ETC. (IMPRINT)
Place of publication, distribution, etc. Oswaal
Name of publisher, distributor, etc. Oswaal
Date of publication, distribution, etc. 2025
Holdings
Withdrawn status Lost status Source of classification or shelving scheme Damaged status Koha normalized classification for sorting Not for loan Home library Current library Shelving location Date acquired Total Checkouts Full call number Barcode Date last seen Price effective from Koha item type
    Dewey Decimal Classification   OSW_300_000000000000000   Good Samaritan School Library Good Samaritan School Library Social Science 07/18/2025   OSW300 OSW18156 07/18/2025 07/18/2025 BOOK

Powered by Koha